Statistiques concernant Films par émojis

Cliquez ici pour prendre le quiz!

Statistiques générales

  • Ce quiz a été pris 2 265 fois
  • Le résultat moyen est 9 sur 14

Statistiques - réponses

EmojisFilm% Correct
🐀👨🏻‍🍳🥣Ratatouille
99%
👦🏻🕷🦸‍♂️Spider-Man
99%
🎈🤡🔪Ça
94%
🎈🎈🏡🎈🎈La-Haut
93%
🎄❌✈👦🏻🏠Maman, j'ai raté l'avion
89%
👽📞🧒🏻🚲E.T.
87%
👸🏻❄🏰La reine des neiges
87%
🐼🥊🥋Kung-Fu panda
77%
👨‍🦽👨🏿🕺🏻Intouchables
56%
🌃🔦👮🏻‍♂️🐱‍🐉🗿La nuit au musée
48%
👩🏻🏹💀🦅Hunger games
37%
✈❌🏝🧔🏻🏐Seul au monde
30%
🎢👀💀Destination finale 3
21%
👨🏻👨🏻✖🚬💰Le pari
7%

Distribution des résultats

Percentile par nombre de réponses

% des personnes avec chaque résultat

Votre développement - résultats

Vous n’avez pas pris ce quiz